Southville International School and Colleges
Your cart is empty.
  • Cart
  • Lists
    Public lists Eva Luna New books Lux_list list_1
    Your lists Log in to create your own lists
  • Log in to your account
  • Your cookies
  • Search history
Southville International School and Colleges
  • Advanced search
  • Recent comments
  • Most popular
  • Libraries

Log in to your account

Log in with GOOGLE


If you do not have an external account, but do have a local account, you can still log in:

  1. Home
  2. MARC view: The macro economy today /
Normal view MARC view ISBD view

The macro economy today / (Record no. 8943)

[ view plain ]
MARC details
000 -LEADER
fixed length control field 00537nam a22001937a 4500
003 - CONTROL NUMBER IDENTIFIER
control field SISC
005 - DATE AND TIME OF LATEST TRANSACTION
control field 20160406133940.0
008 - FIXED-LENGTH DATA ELEMENTS--GENERAL INFORMATION
fixed length control field 130822t xxu||||| |||| 00| 0 eng d
020 ## - INTERNATIONAL STANDARD BOOK NUMBER
International Standard Book Number 0070577153
050 ## - LIBRARY OF CONGRESS CALL NUMBER
Classification number HB 172.5
Item number .Sch3425 1997
082 ## - DEWEY DECIMAL CLASSIFICATION NUMBER
Classification number HS 339
Item number Sch3 1997
100 ## - MAIN ENTRY--PERSONAL NAME
Personal name Schiller, Bradley R.
9 (RLIN) 11915
245 ## - TITLE STATEMENT
Title The macro economy today /
Statement of responsibility, etc Bradley R. Schiller
260 ## - PUBLICATION, DISTRIBUTION, ETC. (IMPRINT)
Place of publication, distribution, etc U.S.A. :
Name of publisher, distributor, etc McGraw-Hill,
Date of publication, distribution, etc c1997
300 ## - PHYSICAL DESCRIPTION
Extent 530 p. :
Other physical details col. ill. ;
Dimensions 25 cm.
650 ## - SUBJECT ADDED ENTRY--TOPICAL TERM
Topical term or geographic name as entry element Macroeconomics
9 (RLIN) 10409
942 ## - ADDED ENTRY ELEMENTS (KOHA)
Source of classification or shelving scheme Library of Congress Classification
Koha item type Books
Holdings
Withdrawn status Lost status Source of classification or shelving scheme Damaged status Home library Current library Shelving location Date acquired Total Checkouts Full call number Barcode Date last seen Copy number Price effective from Koha item type
    Library of Congress Classification   Luxembourg Library Luxembourg Library High School Section 08/22/2013   HB 172.5 .Sch3425 1997 5291 04/06/2016 1 08/22/2013 Books

The macro economy today /

APA

Schiller B. R., . (1997). The macro economy today. U.S.A: McGraw-Hill.

Chicago

Schiller Bradley R, . 1997. The macro economy today. U.S.A: McGraw-Hill.

Harvard

Schiller B. R., . (1997). The macro economy today. U.S.A: McGraw-Hill.

MLA

Schiller Bradley R, . The macro economy today. U.S.A: McGraw-Hill. 1997.

  • Place hold
  • Print
  • Cite
  • Add to your cart (remove)
  • Save record
    BIBTEX Dublin Core MARCXML MARC (non-Unicode/MARC-8) MARC (Unicode/UTF-8) MARC (Unicode/UTF-8, Standard) MODS (XML) RIS
  • More searches
    Search for this title in:
    Other Libraries (WorldCat) Other Databases (Google Scholar) Online Stores (Bookfinder.com) Open Library (openlibrary.org)

Exporting to Dublin Core...

SOUTHVILLE LIBRARY

Southville International School and Colleges Library

1281 Tropical Ave. Cor. Luxembourg St., BF Homes International, Las Pinas City

Tel. No. 8256374 / 252358 Loc. 117/146

Powered by Koha